[Event "London Classic Open 2018"]
[Site "London ENG"]
[Date "2018.12.15"]
[Round "8.68"]
[White "Newbry, Benjamin J"]
[Black "Davison, Chris"]
[Result "0-1"]
[WhiteElo "1875"]
[BlackElo "2068"]
[WhiteFideId "30924634"]
[BlackFideId "407801"]
[EventDate "2018.12.09"]

1. f4 Nf6 2. Nf3 g6 3. g3 Bg7 4. Bg2 O-O 5. O-O d5 6. d3 c5 7. c3 Nc6 8. Na3 b6
9. Qa4 Bb7 10. e4 dxe4 11. dxe4 a6 12. Qc2 Qc7 13. e5 Nd5 14. Ng5 e6 15. Nc4
Nce7 16. Nd6 Bc6 17. Re1 Nc8 18. Nde4 h6 19. Nf3 Nce7 20. a3 c4 21. b3 cxb3 22.
Qxb3 b5 23. Nd4 Bd7 24. Bd2 Nc6 25. Nxc6 Bxc6 26. c4 bxc4 27. Qxc4 Qb6+ 28. Kh1
Rac8 29. Rab1 Bb5 30. Qb3 Qd4 31. Be3 Qd3 32. Bc5 Rfd8 33. Qb2 Ba4 34. Qf2 Nc3
35. Rbc1 Nxe4 36. Bxe4 Bc6 37. Qg2 Bxe4 38. Qxe4 Qxe4+ 39. Rxe4 Rc6 40. Ree1 Rd2
41. Bd6 Rdc2 42. Rxc2 Rxc2 43. Rb1 g5 44. Rb6 gxf4 45. gxf4 h5 46. Rxa6 Bh6 47.
f5 exf5 48. Ra8+ Kh7 49. Be7 f4 50. Bf6 f3 51. Rh8+ Kg6 52. Rg8+ Kf5 53. Rg1 Bf4
54. Ra1 Rxh2+ 55. Kg1 f2+ 0-1

[Event "London Classic Open 2018"]
[Site "London ENG"]
[Date "2018.12.15"]
[Round "8.69"]
[White "Zhao, Haolin"]
[Black "Prior, Stephen C V"]
[Result "0-1"]
[WhiteElo "1765"]
[BlackElo "2065"]
[WhiteFideId "428680"]
[BlackFideId "423378"]
[EventDate "2018.12.09"]

1. e4 d6 2. d4 Nf6 3. Nc3 c6 4. a4 g6 5. h3 Bg7 6. Nf3 O-O 7. Be3 Nbd7 8. Be2
Qc7 9. Qd2 e5 10. dxe5 Nxe5 11. Nxe5 dxe5 12. O-O Rd8 13. Bd3 Be6 14. Rad1 Rd7
15. f3 Rad8 16. Qe2 Nh5 17. Kh2 Nf4 18. Bxf4 exf4 19. Bc4 Bxc3 20. Bxe6 Rxd1 21.
Rxd1 Bxb2 22. Rxd8+ Qxd8 23. Bb3 Qf6 24. Qc4 Bd4 25. Qb4 Bf2 26. Qc4 Bg3+ 27.
Kg1 Qa1+ 28. Qf1 Bh2+ 29. Kf2 Qd4+ 30. Ke2 Bg1 31. Ke1 Qc3+ 32. Kd1 Be3 33. Qd3
Qa1+ 34. Ke2 Qg1 35. Bxf7+ Kg7 36. Qc3+ Kxf7 37. Qb3+ Kf8 38. Qb4+ Ke8 39. Qxb7
Qxg2+ 40. Kd3 Qd2+ 41. Kc4 Qxc2+ 42. Kb4 Qb2+ 43. Ka5 Qxb7 44. e5 Qb6# 0-1

[Event "London Classic Open 2018"]
[Site "London ENG"]
[Date "2018.12.15"]
[Round "8.70"]
[White "Gerlach, Felix Tobias"]
[Black "Fowler, Hugo"]
[Result "1-0"]
[WhiteElo "2050"]
[BlackElo "1799"]
[WhiteFideId "12957690"]
[BlackFideId "433411"]
[EventDate "2018.12.09"]

1. c4 Nf6 2. g3 g6 3. Bg2 Bg7 4. Nc3 c5 5. Nf3 d5 6. cxd5 Nxd5 7. O-O Nc6 8.
Nxd5 Qxd5 9. d3 O-O 10. Be3 Qh5 11. Rc1 Nd4 12. b4 Bh3 13. Rxc5 Nf5 14. Bd2 b6
15. Rc4 Rac8 16. Bxh3 Qxh3 17. Ng5 Qh5 18. g4 Qh4 19. gxf5 Rxc4 20. dxc4 Be5 21.
Nf3 1-0

[Event "London Classic Open 2018"]
[Site "London ENG"]
[Date "2018.12.15"]
[Round "8.71"]
[White "Yoon, Jacob D"]
[Black "Hosdurga, Chirag"]
[Result "0-1"]
[WhiteElo "2009"]
[BlackElo "1758"]
[WhiteFideId "446076"]
[BlackFideId "438189"]
[EventDate "2018.12.09"]

1. e4 c5 2. Nf3 Nc6 3. Bb5 d6 4. O-O Bd7 5. Re1 a6 6. Bf1 Bg4 7. d3 Nf6 8. Bg5
e6 9. Nbd2 Be7 10. c3 O-O 11. h3 Bh5 12. g4 Bg6 13. Nh4 d5 14. Nxg6 fxg6 15. Qe2
h6 16. Bxf6 Rxf6 17. Bg2 d4 18. e5 Rf4 19. Nf1 Bh4 20. Ng3 Qe7 21. Rf1 Raf8 22.
Rac1 Qg5 23. Bxc6 bxc6 24. Rc2 Bxg3 25. cxd4 Bxf2+ 26. Kg2 Qh4 0-1

[Event "London Classic Open 2018"]
[Site "London ENG"]
[Date "2018.12.15"]
[Round "8.72"]
[White "Ditmas, Hugh"]
[Black "Ozturan, Cem"]
[Result "1-0"]
[WhiteElo "1978"]
[BlackElo "1707"]
[WhiteFideId "1270666"]
[BlackFideId "6323502"]
[EventDate "2018.12.09"]

1. d4 Nf6 2. c4 g6 3. Nc3 d5 4. cxd5 Nxd5 5. e4 Nxc3 6. bxc3 Bg7 7. Nf3 c5 8.
Rb1 O-O 9. Be2 Nc6 10. d5 Ne5 11. Nxe5 Bxe5 12. Qd2 e6 13. f4 Bc7 14. O-O exd5
15. exd5 Ba5 16. Bb2 Bf5 17. Rbd1 Qd6 18. Qc1 c4 19. Bxc4 Qc5+ 20. Rd4 Rfc8 21.
Bb3 Bxc3 22. Bxc3 Qxc3 23. Qxc3 Rxc3 24. Re1 Bc2 25. d6 Rd3 26. Rxd3 Bxd3 27.
Re7 b5 28. d7 Kf8 29. Rxf7+ Kg8 30. d8=Q+ Rxd8 31. Rd7+ 1-0

[Event "London Classic Open 2018"]
[Site "London ENG"]
[Date "2018.12.15"]
[Round "8.73"]
[White "Day, Christopher"]
[Black "De Coverly, Roger D"]
[Result "0-1"]
[WhiteElo "1761"]
[BlackElo "1951"]
[WhiteFideId "2625326"]
[BlackFideId "405213"]
[EventDate "2018.12.09"]

1. d4 Nf6 2. c4 e6 3. g3 d5 4. Nf3 c5 5. cxd5 Nxd5 6. Bg2 cxd4 7. O-O Bc5 8.
Nxd4 O-O 9. e4 Nb4 10. Be3 Bxd4 11. Bxd4 N8c6 12. Bc5 Qxd1 13. Rxd1 Nc2 14. Bxf8
Kxf8 15. Na3 Nxa1 16. Rxa1 Bd7 17. Rd1 Ke7 18. Nc4 e5 19. Ne3 Nd4 20. Nd5+ Kd6
21. h3 Rc8 22. Nc3 Ke6 23. Kh2 b5 24. a3 a5 25. h4 g6 26. Bh3+ f5 27. exf5+ gxf5
28. g4 Kf7 29. gxf5 Rg8 30. Bg2 Bxf5 31. f4 Rg4 32. fxe5 Rxh4+ 33. Kg3 Rg4+ 34.
Kf2 b4 35. axb4 axb4 36. Nd5 Nc2 37. Bf3 Rh4 38. Ne3 Nxe3 39. Kxe3 Rh2 40. Kf4
Be6 41. Rh1 Rxh1 42. Bxh1 h6 43. Be4 Ke7 44. Ke3 h5 45. Kf4 h4 46. Kg5 h3 47.
Bf3 Bc4 48. Kh4 Bf1 49. Kg3 Ke6 50. Bd1 Kxe5 51. Bb3 Kd4 52. Bf7 Bc4 53. Bg6 Be6
54. Bh7 b3 55. Bg6 Ke3 56. Bh7 Kd2 57. Be4 Kc1 58. Bg6 Kxb2 0-1

[Event "London Classic Open 2018"]
[Site "London ENG"]
[Date "2018.12.15"]
[Round "8.74"]
[White "Kalkowski, Igor"]
[Black "Millward, Kevin P"]
[Result "0-1"]
[WhiteElo "1716"]
[BlackElo "2012"]
[WhiteFideId "21833966"]
[BlackFideId "404721"]
[EventDate "2018.12.09"]

1. e4 d5 2. exd5 Qxd5 3. Nc3 Qd6 4. g3 Nf6 5. Bg2 c6 6. d3 Bf5 7. Nf3 h6 8. O-O
e6 9. Re1 Be7 10. h3 O-O 11. Bf4 Qd8 12. g4 Bh7 13. Qd2 Nd5 14. Nxd5 cxd5 15.
Bxh6 gxh6 16. Qxh6 Bf6 17. h4 Bg7 18. Qe3 Nc6 19. h5 Qb6 20. Qf4 e5 21. Nxe5
Nxe5 22. Rxe5 Qd6 23. d4 f6 24. Bxd5+ Kh8 25. Rf5 Qxf4 26. Rxf4 Bxc2 27. Re1
Rae8 28. Be6 Bh6 29. Rf3 Bd2 30. Rfe3 Bxe1 31. Rxe1 Bd1 32. Kf1 Bxg4 33. Bxg4
Rxe1+ 34. Kxe1 Rd8 35. Bf3 Rxd4 36. Bxb7 Rb4 37. Bd5 Rxb2 38. Kf1 Rb5 39. Bb3
Rxh5 40. Ke2 Kg7 41. Ke3 Kf8 42. f4 Ke7 43. Ke4 Kd6 44. Kd4 Rb5 45. Ke4 a5 46.
Kd3 Rb4 47. Ke3 Kc5 48. Bf7 Rb7 49. Bg8 Rg7 50. Bb3 Rb7 51. Bg8 Re7+ 52. Kd3 Re1
53. Bf7 Kb4 54. Bg8 a4 55. f5 Re5 56. Be6 Kc5 57. Kc3 Re3+ 58. Kc2 a3 59. Kd2
Kd4 60. Kc2 Kc5 61. Kd2 Rg3 62. Kc2 Kb4 63. Kd2 Rh3 64. Kc2 Kc5 65. Kd2 Kd6 66.
Ke2 Ke5 67. Kd2 Rf3 68. Ke2 Rh3 69. Kf2 Rh5 70. Ke2 Rxf5 71. Bxf5 Kxf5 0-1

[Event "London Classic Open 2018"]
[Site "London ENG"]
[Date "2018.12.15"]
[Round "8.75"]
[White "Dahl, Baard"]
[Black "Lochte, Szilvia"]
[Result "0-1"]
[WhiteElo "2097"]
[BlackElo "1843"]
[WhiteFideId "444251"]
[BlackFideId "708410"]
[EventDate "2018.12.09"]

1. e4 c5 2. Nf3 e6 3. d4 cxd4 4. Nxd4 a6 5. Nc3 b5 6. Bd3 Qb6 7. Nb3 Qc7 8. O-O
Nf6 9. Re1 d6 10. Bd2 Be7 11. a4 b4 12. Na2 a5 13. c3 Ba6 14. Bxa6 Nxa6 15. cxb4
axb4 16. Rc1 Qd7 17. Nd4 Nc5 18. Nxb4 Nfxe4 19. b3 O-O 20. Be3 Rfc8 21. Nd3 Rab8
22. Nxc5 Nxc5 23. Nb5 Qd8 24. Bxc5 dxc5 25. Qf3 Qa5 26. Red1 Rd8 27. g3 Rbc8 28.
Qb7 Bf8 29. Rd7 Rxd7 30. Qxd7 Rd8 31. Qc6 Qd2 32. Rc3 Qe1+ 33. Kg2 Rd1 34. Kh3
Rd5 35. Rf3 Qf1+ 36. Kg4 h5+ 37. Kf4 g5+ 38. Ke4 Qb1+ 0-1

[Event "London Classic Open 2018"]
[Site "London ENG"]
[Date "2018.12.15"]
[Round "8.76"]
[White "Skinner, Nicholas H"]
[Black "Kirupakaran, Vishnu"]
[Result "1-0"]
[WhiteElo "2028"]
[BlackElo "1794"]
[WhiteFideId "448060"]
[BlackFideId "443492"]
[EventDate "2018.12.09"]

1. d4 d5 2. g3 Nf6 3. Bg2 Nbd7 4. c4 c6 5. cxd5 cxd5 6. Nf3 e6 7. O-O Bd6 8. Nc3
O-O 9. Re1 b6 10. e4 dxe4 11. Ng5 Bb7 12. Ngxe4 Nxe4 13. Nxe4 Bb4 14. Re3 Qc7
15. a3 Be7 16. Rc3 Qd8 17. Bf4 f5 18. Bc7 Qe8 19. Nd6 Bxd6 20. Bxb7 Bxc7 21.
Bxa8 Qxa8 22. Rxc7 Qd5 23. Rac1 f4 24. Rc8 fxg3 25. Rxf8+ Kxf8 26. hxg3 Nf6 27.
Qe2 h5 28. Rc8+ Kf7 29. Rc7+ 1-0

[Event "London Classic Open 2018"]
[Site "London ENG"]
[Date "2018.12.15"]
[Round "8.77"]
[White "Nelson, Omowale"]
[Black "Volovich, Julia"]
[Result "1-0"]
[WhiteElo "1956"]
[BlackElo "1772"]
[WhiteFideId "7400209"]
[BlackFideId "447099"]
[EventDate "2018.12.09"]

1. d4 f5 2. c4 Nf6 3. g3 g6 4. Nf3 Bg7 5. Bg2 d6 6. O-O O-O 7. Nc3 c6 8. Qc2 Qe8
9. d5 e5 10. dxe6 Bxe6 11. Bf4 Qe7 12. Rad1 Rd8 13. b3 Na6 14. Nd4 Bf7 15. e4
Nb4 16. Qb1 Nxe4 17. Nxe4 fxe4 18. Rfe1 d5 19. a3 Na6 20. cxd5 cxd5 21. b4 Qf8
22. Bh3 Bh6 23. Ne6 Bxe6 24. Bxe6+ Kh8 25. Bxh6 Qxh6 26. Bxd5 Qg7 27. Qxe4 Nc7
28. Bxb7 Rxd1 29. Rxd1 Re8 30. Qc4 Rf8 31. Qd4 Rf6 32. Rc1 h5 33. Rxc7 Qxc7 34.
Qxf6+ Kh7 35. Be4 1-0

[Event "London Classic Open 2018"]
[Site "London ENG"]
[Date "2018.12.15"]
[Round "8.78"]
[White "Cavendish, Joshua Z"]
[Black "Shivika Rohilla"]
[Result "1-0"]
[WhiteElo "1944"]
[BlackElo "1780"]
[WhiteFideId "418005"]
[BlackFideId "45015414"]
[EventDate "2018.12.09"]

1. e4 e5 2. Nf3 Nc6 3. Nc3 Nf6 4. d4 exd4 5. Nxd4 Bb4 6. Nxc6 bxc6 7. Bd3 O-O 8.
O-O d5 9. exd5 cxd5 10. Bg5 c6 11. Qf3 Be7 12. Rae1 Be6 13. h3 h6 14. Bf4 Bd6
15. Ne2 Re8 16. Nd4 Bxf4 17. Nxe6 Rxe6 18. Rxe6 fxe6 19. Qxf4 Qb8 20. Qc1 Qd6
21. c4 Re8 22. Bg6 Re7 23. Re1 c5 24. Qe3 d4 25. Qf3 Nd7 26. Qh5 Nf8 27. Bd3 e5
28. Be4 Kh8 29. Bd5 Qg6 30. Qe2 Qf6 31. Qe4 Ng6 32. g3 Nf8 33. h4 Qg6 34. Qf3
Nd7 35. Be4 Qf6 36. Qg4 Qf8 37. Bg6 Nf6 38. Qf5 Qd8 39. Qd3 Qa8 40. Qf5 Qb8 41.
b3 Qc7 42. g4 Qd7 43. Qxd7 Nxd7 44. f4 Nf6 45. Rxe5 Rc7 46. g5 Ng8 47. Rd5 Rc8
48. Rd7 hxg5 49. hxg5 a5 50. f5 d3 51. Rxd3 Ne7 52. Bf7 Nxf5 53. Rh3+ Nh6 54.
gxh6 gxh6 55. Bh5 Kh7 56. Re3 Rc7 57. Re5 Ra7 58. Rxc5 a4 59. b4 a3 60. Ra5 Rc7
61. c5 Rb7 62. b5 Rc7 63. b6 Rc8 64. b7 Rxc5 65. Rxc5 Kg7 66. b8=Q Kf6 67. Qb6+
Kg7 68. Rc7+ Kf8 69. Qb8# 1-0

[Event "London Classic Open 2018"]
[Site "London ENG"]
[Date "2018.12.15"]
[Round "8.79"]
[White "Royal, Shreyas"]
[Black "Merriman, James"]
[Result "0-1"]
[WhiteTitle "CM"]
[WhiteElo "1930"]
[BlackElo "1696"]
[WhiteFideId "448869"]
[BlackFideId "452270"]
[EventDate "2018.12.09"]

1. d4 e6 2. Nf3 Nf6 3. g3 b5 4. Bg2 d5 5. a4 b4 6. c4 bxc3 7. Nxc3 Be7 8. O-O
O-O 9. Bf4 Nbd7 10. Rc1 Ba6 11. Nb5 Bxb5 12. axb5 Bd6 13. Ne5 Bxe5 14. dxe5 Nh5
15. Bd2 Nxe5 16. Bb4 Re8 17. Bc3 Ng6 18. e4 Nf6 19. Bxf6 Qxf6 20. exd5 Rad8 21.
Qb3 exd5 22. Bxd5 Re7 23. Rc3 Red7 24. Rf3 Qg5 25. Bxf7+ Kh8 26. Be6 Rd6 27. Re3
Nf4 28. Rfe1 Nd3 29. h4 Qf6 30. R1e2 Nc1 31. Qc4 Nxe2+ 32. Rxe2 Qf3 33. Bh3 Rd1+
34. Bf1 Rxf1+ 35. Kxf1 Qh1# 0-1

[Event "London Classic Open 2018"]
[Site "London ENG"]
[Date "2018.12.15"]
[Round "8.80"]
[White "Chilton, James I"]
[Black "Hughes, Anthony"]
[Result "0-1"]
[BlackTitle "CM"]
[WhiteElo "1738"]
[BlackElo "1910"]
[WhiteFideId "423009"]
[BlackFideId "1803093"]
[EventDate "2018.12.09"]

1. e4 c6 2. Nf3 d5 3. exd5 cxd5 4. d4 Nc6 5. Bf4 Bg4 6. c3 e6 7. Bd3 Bd6 8. Bxd6
Qxd6 9. h3 Bh5 10. g4 Bg6 11. O-O Nf6 12. Re1 Qf4 13. Re3 Ne4 14. Qe2 f5 15. Bb5
O-O 16. Bxc6 bxc6 17. Rxe4 fxe4 18. Ne5 Qc1+ 19. Kh2 e3 20. Qxe3 Qf1 21. Nxg6
Rxf2+ 22. Kg3 Rg2+ 23. Kh4 Qf6+ 24. g5 Qxg6 25. Nd2 h6 26. Nf3 hxg5+ 27. Nxg5
Qh6# 0-1

[Event "London Classic Open 2018"]
[Site "London ENG"]
[Date "2018.12.15"]
[Round "8.81"]
[White "Jekel, Wolfgang"]
[Black "Dias, Savin"]
[Result "0-1"]
[WhiteElo "1723"]
[BlackElo "1903"]
[WhiteFideId "4690370"]
[BlackFideId "442399"]
[EventDate "2018.12.09"]

1. f4 d5 2. Nf3 c5 3. g3 Nc6 4. Bg2 e6 5. O-O Nf6 6. d3 b6 7. c3 Bb7 8. Na3 Rc8
9. Nh4 Bd6 10. e4 Bb8 11. exd5 Nxd5 12. f5 O-O 13. f6 Nxf6 14. Bg5 Ba6 15. Be4
Ne5 16. Qd2 Nxe4 17. dxe4 Qxd2 18. Bxd2 Bxf1 19. Rxf1 Rcd8 0-1

[Event "London Classic Open 2018"]
[Site "London ENG"]
[Date "2018.12.15"]
[Round "8.82"]
[White "Cowan, Richard M"]
[Black "Sentissi, Yassine"]
[Result "1-0"]
[WhiteElo "1894"]
[BlackElo "1571"]
[WhiteFideId "419524"]
[BlackFideId "9011951"]
[EventDate "2018.12.09"]

1. Nf3 Nf6 2. g3 g6 3. Bg2 Bg7 4. c4 O-O 5. O-O d6 6. Nc3 c5 7. Rb1 Nc6 8. a3
Bf5 9. d3 Rc8 10. b4 b6 11. h3 Nd4 12. Nxd4 cxd4 13. Nb5 e5 14. Nxa7 Rc7 15. Nb5
Re7 16. a4 Qd7 17. Kh2 Ne8 18. Bb2 Be6 19. e3 dxe3 20. fxe3 f5 21. Qd2 Bh6 22.
Rbe1 g5 23. Qe2 g4 24. hxg4 f4 25. exf4 Bxg4 26. Bd5+ Ref7 27. Qg2 exf4 28. gxf4
Qf5 29. Re4 Qh5+ 30. Kg1 Ng7 31. Nxd6 Bh3 32. Qg3 Bxf1 33. Nxf7 Rxf7 1-0

[Event "London Classic Open 2018"]
[Site "London ENG"]
[Date "2018.12.15"]
[Round "8.83"]
[White "Basnayake, I U"]
[Black "Jukes, Sam"]
[Result "0-1"]
[WhiteTitle "WCM"]
[WhiteElo "1692"]
[BlackElo "1888"]
[WhiteFideId "9901698"]
[BlackFideId "1803182"]
[EventDate "2018.12.09"]

1. e4 e5 2. Nf3 Nc6 3. Bb5 a6 4. Ba4 Nf6 5. O-O b5 6. Bb3 Bb7 7. Re1 Bc5 8. c3
d6 9. d4 Bb6 10. Bg5 h6 11. Bh4 g5 12. Bg3 O-O 13. d5 Ne7 14. a4 Nd7 15. axb5
axb5 16. Rxa8 Qxa8 17. Na3 Qa5 18. Nd2 f5 19. h4 g4 20. exf5 h5 21. Ne4 Nxf5 22.
Kh2 Nc5 23. Nxc5 Bxc5 24. Nc2 Nxg3 25. fxg3 Qa8 26. Qd3 Qe8 27. Ne3 Bxe3 28.
Qxe3 Rf6 29. Bc2 Qf7 30. Be4 Bc8 31. Ra1 Bf5 32. Qg5+ Qg6 33. Ra8+ Kg7 34. Qxg6+
Kxg6 35. Bxf5+ Kxf5 36. Ra5 e4 37. Kg1 Ke5 38. Rxb5 e3 39. Ra5 Ke4 40. b4 Kd3
41. b5 Kxc3 42. Ra3+ Kd4 43. Rb3 e2 44. Rb1 Kxd5 45. Re1 Rf1+ 46. Rxf1 exf1=Q+
47. Kxf1 Kc5 48. b6 Kxb6 49. Kg1 c5 50. Kh2 c4 51. Kg1 c3 52. Kh1 c2 53. Kh2 d5
54. Kh1 c1=Q+ 55. Kh2 Qe3 0-1

[Event "London Classic Open 2018"]
[Site "London ENG"]
[Date "2018.12.15"]
[Round "8.84"]
[White "Gilmore, Samuel"]
[Black "Jones, Tibor"]
[Result "1/2-1/2"]
[WhiteElo "1575"]
[BlackElo "1860"]
[WhiteFideId "448354"]
[BlackFideId "2405288"]
[EventDate "2018.12.09"]

1. d4 d5 2. c4 c6 3. Nf3 Nf6 4. cxd5 cxd5 5. Nc3 Nc6 6. Bf4 Nh5 7. Bg3 e6 8. e3
Nxg3 9. hxg3 a6 10. a3 Bd6 11. Qc2 h6 12. Bd3 b5 13. Nxb5 Bb7 14. Nxd6+ Qxd6 15.
Rc1 O-O 16. Qc5 Qd7 17. Ke2 Rfc8 18. Qc3 a5 19. Qd2 Ba6 20. Rc5 Qb7 21. Rb1 Qb6
22. Ne1 a4 23. Bxa6 Qxa6+ 24. Qd3 Qxd3+ 25. Nxd3 Na5 26. Rxc8+ Rxc8 27. Nc5 Nb3
28. Nxb3 axb3 29. Rd1 Kf8 30. Rd3 Rc2+ 31. Rd2 Rc4 32. f3 Rc1 33. g4 1/2-1/2

[Event "London Classic Open 2018"]
[Site "London ENG"]
[Date "2018.12.15"]
[Round "8.85"]
[White "Viudes Serra, Aaron"]
[Black "Hizarci, Bora"]
[Result "0-1"]
[WhiteElo "1850"]
[BlackElo "1453"]
[WhiteFideId "2247658"]
[BlackFideId "457698"]
[EventDate "2018.12.09"]

1. c4 f5 2. g3 Nf6 3. Bg2 e5 4. Nc3 Bb4 5. Qb3 Bxc3 6. bxc3 Nc6 7. Ba3 d6 8. Nf3
O-O 9. O-O Qe8 10. Qc2 Qh5 11. d3 f4 12. Rab1 fxg3 13. hxg3 Ng4 14. Rfe1 b6 15.
Bc1 Bb7 16. Qd2 h6 17. e4 Rf7 18. Rb2 Raf8 19. Qd1 Bc8 20. d4 exd4 21. cxd4 Na5
22. c5 Ba6 23. Bf4 g5 24. Qc1 gxf4 25. gxf4 Rxf4 0-1

[Event "London Classic Open 2018"]
[Site "London ENG"]
[Date "2018.12.15"]
[Round "8.86"]
[White "De Paolis, Fabrizio"]
[Black "Olarasu, Iuliana"]
[Result "0-1"]
[WhiteElo "1754"]
[BlackElo "2058"]
[WhiteFideId "822027"]
[BlackFideId "1202103"]
[EventDate "2018.12.09"]

1. d4 d5 2. c4 e6 3. Nc3 Nf6 4. cxd5 exd5 5. Bg5 Be7 6. Qc2 Nc6 7. e3 Nb4 8.
Qa4+ Bd7 9. Qd1 Bf5 10. Rc1 O-O 11. a3 Nc6 12. Nge2 a5 13. h3 Ne4 14. Bf4 Qd7
15. Nxe4 Bxe4 16. Nc3 Rae8 17. Nxe4 dxe4 18. d5 Nb4 19. Rxc7 Qxd5 20. Qxd5 Nxd5
21. Rc1 Nxf4 22. exf4 Bf6 23. b4 axb4 24. axb4 Rc8 25. Rxc8 Rxc8 26. Kd1 Bd4 27.
Bb5 Bc3 28. Ke2 Bxb4 29. f5 Rc5 30. Rd1 Rxb5 0-1

[Event "London Classic Open 2018"]
[Site "London ENG"]
[Date "2018.12.15"]
[Round "8.87"]
[White "Newton, Andrew"]
[Black "Mihailidou, Magdalini"]
[Result "1/2-1/2"]
[WhiteElo "1948"]
[BlackElo "1754"]
[WhiteFideId "2403285"]
[BlackFideId "25801236"]
[EventDate "2018.12.09"]

1. d4 d5 2. c4 e5 3. dxe5 d4 4. a3 Nc6 5. Nf3 Bg4 6. Bf4 Nge7 7. Nbd2 Ng6 8. Bg3
Qe7 9. Qb3 O-O-O 10. Qa4 Kb8 11. b4 Ncxe5 12. Qc2 d3 13. Qc3 dxe2 14. Bxe2 Nd3+
15. Kf1 Ngf4 16. Bxf4 Nxf4 17. Re1 Qd6 18. h3 Bf5 19. g4 Nxe2 20. Kxe2 Qd3+ 21.
Qxd3 Bxd3+ 22. Ke3 Be7 23. Ne5 Bg6 24. Nxg6 hxg6 25. Nb3 Bg5+ 26. f4 Rhe8+ 27.
Kf3 Rd3+ 28. Kg2 Red8 29. fxg5 Rxb3 30. Rhf1 Rd2+ 31. Rf2 Rxf2+ 32. Kxf2 Kc8 33.
Re3 Rb2+ 34. Kg3 Kd7 35. h4 Rb1 36. Kg2 Rc1 37. c5 Rc2+ 38. Kh3 Rc1 39. Re2 Rc3+
40. Kg2 Rc4 41. Kf3 Rc3+ 42. Kg2 Rc4 1/2-1/2

[Event "London Classic Open 2018"]
[Site "London ENG"]
[Date "2018.12.15"]
[Round "8.89"]
[White "Jain, Gautam"]
[Black "Saravanan, Aadarsh"]
[Result "1-0"]
[WhiteElo "1926"]
[BlackElo "1709"]
[WhiteFideId "425311"]
[BlackFideId "440078"]
[EventDate "2018.12.09"]

1. d4 Nf6 2. c4 g6 3. g3 d5 4. Bg2 Bg7 5. Nf3 O-O 6. cxd5 Nxd5 7. O-O Nc6 8. e4
Nb6 9. d5 Na5 10. Nc3 e6 11. dxe6 Bxe6 12. Qc2 c6 13. b3 Qe7 14. Bb2 c5 15. Nd1
Nc6 16. Bxg7 Kxg7 17. Ne3 Nd4 18. Qb2 Qf6 19. Nxd4 Qxd4 20. Qxd4+ cxd4 21. Nd5
Rad8 22. Nxb6 axb6 23. Rfd1 Rd7 24. Rac1 Rfd8 25. Rd2 h5 26. h4 Kf6 27. Bf1 Re7
28. f3 Kg7 29. Kf2 Rd6 30. Bd3 Rc6 31. Rdc2 Rec7 32. Ke2 Kf6 33. Kd2 Ke7 34. Bc4
Kd6 35. Kd3 Rc5 36. b4 R5c6 37. Bxe6 fxe6 38. Rxc6+ bxc6 39. Kxd4 e5+ 40. Kc4
Ra7 41. Rd1+ Ke6 42. Kb3 Rf7 43. Rd3 b5 44. a4 bxa4+ 45. Kxa4 Ra7+ 46. Kb3 Rb7
47. Kc4 Rb5 48. Rd8 Rb6 49. g4 hxg4 50. fxg4 Rb7 51. Rg8 Kf7 52. Rc8 Rb6 53.
Rc7+ Kf6 54. g5+ Ke6 55. Rg7 1-0

[Event "London Classic Open 2018"]
[Site "London ENG"]
[Date "2018.12.15"]
[Round "8.91"]
[White "Liu, Cheng"]
[Black "Zheng, William"]
[Result "1-0"]
[WhiteElo "1840"]
[BlackElo "1649"]
[WhiteFideId "331059692"]
[BlackFideId "439037"]
[EventDate "2018.12.09"]

1. d4 d5 2. Nf3 e6 3. c4 Nf6 4. g3 Be7 5. Bg2 O-O 6. O-O h6 7. b3 c5 8. cxd5
Nxd5 9. Bb2 Nc6 10. dxc5 Bxc5 11. Nc3 Nxc3 12. Bxc3 Be7 13. Qc2 Bf6 14. Rfd1 Qe7
15. Bxf6 Qxf6 16. Rac1 e5 17. Qc3 Be6 18. Qe3 Rfe8 19. Nd2 Bd7 20. Ne4 Qe7 21.
Nc5 Bc8 22. Nxb7 Bxb7 23. Bxc6 Bxc6 24. Rxc6 Rac8 25. Rxc8 Rxc8 26. Rd5 f6 27.
Qd2 Kh7 28. Rd7 Qa3 29. Kg2 a5 30. Qd3+ Kh8 31. Qg6 Rg8 32. Qc2 Qb4 33. Qd2 Qb6
34. Rd6 Qc7 35. Qd5 Qc2 36. Qd2 Qc7 37. Rd5 Ra8 38. Rd7 Qb6 39. Qd5 Rg8 40. Rb7
Qa6 41. Qb5 Qa8 42. f3 Qd8 43. Qd7 Qf8 44. Rb5 Qa8 45. Qd5 Qa6 46. Qb7 Ra8 47.
Qxa6 Rxa6 48. a4 Kh7 49. Kf2 g5 50. Ke3 Kg6 51. g4 h5 52. h3 hxg4 53. hxg4 Kf7
54. Kd3 Ke6 55. Kc4 Kd6 56. Rc5 Rc6 57. Rxc6+ Kxc6 58. b4 axb4 59. Kxb4 Kb6 60.
Kc4 Ka5 61. Kd5 Kxa4 62. Ke6 Kb3 63. Kxf6 Kc3 64. Kxe5 Kd2 65. f4 1-0

[Event "London Classic Open 2018"]
[Site "London ENG"]
[Date "2018.12.15"]
[Round "8.92"]
[White "Haddock, Paul"]
[Black "Wei, Naomi"]
[Result "0-1"]
[WhiteElo "1558"]
[BlackElo "1812"]
[WhiteFideId "419150"]
[BlackFideId "425850"]
[EventDate "2018.12.09"]

1. e4 e6 2. d4 d5 3. e5 c5 4. c3 Nc6 5. Nf3 Qb6 6. Bd3 cxd4 7. cxd4 Bd7 8. Nc3
Nxd4 9. Nxd4 Qxd4 10. O-O a6 11. Re1 Qb6 12. Na4 Qa5 13. b3 Bb4 14. Re2 Bxa4 15.
bxa4 Ne7 16. Rb1 Rb8 17. Reb2 Bc3 18. Rxb7 Rxb7 19. Rxb7 Nc6 20. Ba3 Bxe5 21.
Bb4 Nxb4 22. Qh5 Bc7 0-1

[Event "London Classic Open 2018"]
[Site "London ENG"]
[Date "2018.12.15"]
[Round "8.94"]
[White "Mohnblatt, Daniel"]
[Black "Lie, Terje"]
[Result "0-1"]
[WhiteElo "1749"]
[BlackElo "1532"]
[WhiteFideId "648582"]
[BlackFideId "1504916"]
[EventDate "2018.12.09"]

1. d4 Nf6 2. Nf3 d5 3. e3 e6 4. Bd3 c5 5. b3 Nc6 6. Bb2 cxd4 7. exd4 Bb4+ 8. c3
Ba5 9. O-O O-O 10. Nbd2 Bc7 11. Re1 b6 12. Qc2 h6 13. Rad1 Bb7 14. Ne5 Nxe5 15.
dxe5 Nd7 16. Nf3 Nc5 17. Bf1 Qb8 18. Ba3 Rd8 19. Bxc5 bxc5 20. Qd3 Bb6 21. Nd2
Qc7 22. Qg3 a5 23. Bd3 Ba6 24. Bxa6 Rxa6 25. c4 a4 26. Kh1 axb3 27. axb3 Ra2 28.
Nf1 Ba5 29. Re3 Bb4 30. Red3 d4 31. Qf4 f5 32. h4 Rda8 33. Ng3 Ra1 34. Rxa1
Rxa1+ 35. Kh2 Qf7 36. Rf3 Qg6 37. h5 Qg5 38. Qxg5 hxg5 39. h6 g6 40. Nh1 g4 41.
Rd3 Kh7 42. f4 Kxh6 43. Nf2 Ra2 44. Nd1 Bd2 45. Kg3 Be1+ 46. Kh2 g5 47. fxg5+
Kxg5 48. Kg1 Kf4 49. Kf1 Bb4 0-1